[Event "Lopota WGP 2014"]
[Site "Lopota GEO"]
[Date "2014.06.24"]
[Round "5.5"]
[White "Muzychuk, Anna"]
[Black "Muminova, Nafisa"]
[Result "1-0"]
[WhiteTitle "GM"]
[BlackTitle "WGM"]
[WhiteElo "2561"]
[BlackElo "2332"]
[WhiteFideId "14111330"]
[BlackFideId "14201526"]
[EventDate "2014.06.19"]

1. e4 e6 2. d4 d5 3. Nd2 c5 4. Ngf3 cxd4 5. Nxd4 Nc6 6. Bb5 Bd7 7. Nxc6 bxc6 8.
Bd3 Qc7 9. Qe2 Bd6 10. Nf3 Ne7 11. e5 Bc5 12. O-O Bb6 13. Bd2 c5 14. c4 h6 15.
Rac1 a5 16. cxd5 exd5 17. e6 Bxe6 18. Bb5+ Kf8 19. Ne5 Nf5 20. Bc3 Qd6 21. Rfe1
Bc7 22. Qh5 Ne7 23. Bd7 g6 24. Qf3 Rh7 25. Bxe6 Qxe6 26. Ng4 Qc6 27. Nf6 Rg7 28.
Rxe7 Kxe7 29. Nxd5+ Kf8 30. Nxc7 1-0

[Event "Lopota WGP 2014"]
[Site "Lopota GEO"]
[Date "2014.06.25"]
[Round "6.3"]
[White "Khotenashvili, Bela"]
[Black "Muzychuk, Anna"]
[Result "0-1"]
[WhiteTitle "GM"]
[BlackTitle "GM"]
[WhiteElo "2518"]
[BlackElo "2561"]
[WhiteFideId "13602640"]
[BlackFideId "14111330"]
[EventDate "2014.06.19"]

1. d4 Nf6 2. c4 e6 3. Nc3 Bb4 4. e3 O-O 5. Bd3 c5 6. Nf3 d5 7. O-O dxc4 8. Bxc4
Nbd7 9. a3 Bxc3 10. bxc3 b6 11. a4 Bb7 12. Bb2 Qc7 13. Ba2 Ng4 14. Re1 Bxf3 15.
Qxf3 Qxh2+ 16. Kf1 Ndf6 17. Ke2 Qc7 18. Rac1 Rfe8 19. e4 Qc6 20. Bb1 Qxa4 21.
Qd3 Rad8 22. Bc2 Qc6 23. f4 e5 24. d5 c4 25. dxc6 cxd3+ 26. Bxd3 exf4 27. c4 Rc8
28. Kf3 Re5 29. Kxf4 g5+ 30. Kg3 Rxc6 31. Be2 Rxe4 32. Bf3 Rxe1 33. Rxe1 Rxc4
34. Re7 h5 35. Rxa7 Ne4+ 36. Bxe4 Rxe4 37. Bc1 f6 38. Kf3 Re1 39. Bd2 Ne5+ 40.
Kf2 Nd3+ 41. Kg3 Re2 42. Bc3 Re3+ 43. Kh2 Ne5 44. Rc7 Rd3 45. Kg1 Rd5 46. Rb7
Nd7 0-1

[Event "Lopota WGP 2014"]
[Site "Lopota GEO"]
[Date "2014.06.25"]
[Round "6.4"]
[White "Koneru, Humpy"]
[Black "Harika, Dronavalli"]
[Result "1-0"]
[WhiteTitle "GM"]
[BlackTitle "GM"]
[WhiteElo "2613"]
[BlackElo "2503"]
[WhiteFideId "5008123"]
[BlackFideId "5015197"]
[EventDate "2014.06.19"]

1. d4 Nf6 2. c4 g6 3. Nc3 d5 4. Nf3 Bg7 5. Qb3 dxc4 6. Qxc4 O-O 7. e4 Nc6 8. Be2
e5 9. d5 Nd4 10. Nxd4 exd4 11. Qxd4 c6 12. Qc4 b5 13. Qxc6 Bd7 14. Qd6 Re8 15.
Bd3 Nh5 16. O-O Be5 17. Qc5 Qh4 18. g3 Qf6 19. Qe3 Bd4 20. Qe2 Bh3 21. Rd1 b4
22. Nb5 Bb6 23. d6 Re5 24. Be3 Rd8 25. Bxb6 axb6 26. Qe3 Bd7 27. f4 Rxb5 28. e5
Qe6 29. Bxb5 Bxb5 30. Qxb6 Qd7 31. Qc7 Qe8 32. Qe7 Qc6 33. Qxd8+ Kg7 34. Rac1
Qf3 35. Re1 Be2 36. Rxe2 Qxe2 37. Qb6 Nxf4 38. gxf4 Qg4+ 39. Kf2 Qxf4+ 40. Ke2
Qxc1 41. Qd4 Qc2+ 42. Ke3 Qc1+ 43. Kd3 Qf1+ 44. Kc2 Qg2+ 45. Kb3 Qf3+ 46. Kxb4
Qb7+ 47. Ka3 Qa6+ 48. Qa4 Qd3+ 49. b3 Qd5 50. Qf4 Kf8 51. Kb4 Qb7+ 52. Kc3 Qc6+
53. Qc4 Qf3+ 54. Qd3 Qc6+ 55. Kb2 Qc5 56. Qe4 Qf2+ 57. Qc2 Qd4+ 58. Kb1 Qxe5 59.
Qc8+ Kg7 60. d7 Qe1+ 61. Qc1 Qa5 62. Kb2 Kf6 63. Qe3 Qd5 64. a4 Qxd7 65. a5 Qd6
66. Kc3 Qc6+ 67. Kb4 Qd6+ 68. Qc5 Qf4+ 69. Kb5 Qf1+ 70. Kb6 Qd3 71. b4 Qd8+ 72.
Kb7 Qd7+ 73. Qc7 Qd3 74. a6 Kg7 75. Qc6 Qa3 76. Qe4 Qa4 77. Qd4+ Kh6 78. a7 Qb5+
79. Kc7 Qa4 80. Qc5 Qe8 81. b5 f5 82. b6 Qf7+ 83. Kd6 Qf8+ 84. Kd5 Qf7+ 85. Kd4
Qf6+ 86. Kd3 Qd8+ 87. Kc4 Qa8 88. Qd5 Qc8+ 89. Kb4 Qf8+ 90. Kb3 Qf6 91. a8=Q
Qxb6+ 92. Kc4 Qc7+ 93. Kd3 Qc1 94. Qf8+ Kh5 95. Qf3+ Kh4 96. Qe7+ 1-0

[Event "Lopota WGP 2014"]
[Site "Lopota GEO"]
[Date "2014.06.25"]
[Round "6.5"]
[White "Zhao, Xue"]
[Black "Dzagnidze, Nana"]
[Result "0-1"]
[WhiteTitle "GM"]
[BlackTitle "GM"]
[WhiteElo "2538"]
[BlackElo "2541"]
[WhiteFideId "8601283"]
[BlackFideId "13601903"]
[EventDate "2014.06.19"]

1. c4 e5 2. Nc3 Nc6 3. Nf3 g6 4. g3 Bg7 5. Bg2 d6 6. Rb1 Nf6 7. b4 a6 8. O-O O-O
9. a4 Be6 10. d3 h6 11. b5 axb5 12. axb5 Ne7 13. Bb2 Nd7 14. Nd2 c6 15. Ra1 Qc7
16. Qb1 Nb6 17. Qc2 f5 18. Nb3 c5 19. Ra5 e4 20. Rfa1 Rxa5 21. Nxa5 Kh7 22. dxe4
Nxc4 23. Nxc4 Bxc4 24. exf5 Nxf5 25. e3 Qf7 26. Ra7 d5 27. Qd2 Bxc3 28. Bxc3 Nd6
29. Ba1 Nxb5 30. Ra5 b6 31. Ra4 Nd6 32. Qb2 b5 33. Ra6 Nf5 34. Rc6 Qe7 35. Qa3
d4 36. e4 d3 37. Qa5 Ng7 38. Bc3 Ne6 39. f4 b4 40. Bd2 Qd7 41. Qb6 Qd4+ 42. Kf1
Qa1+ 43. Kf2 Qd1 0-1

[Event "Lopota WGP 2014"]
[Site "Lopota GEO"]
[Date "2014.06.25"]
[Round "6.6"]
[White "Hou, Yifan"]
[Black "Ju, Wenjun"]
[Result "1-0"]
[WhiteTitle "GM"]
[BlackTitle "WGM"]
[WhiteElo "2629"]
[BlackElo "2532"]
[WhiteFideId "8602980"]
[BlackFideId "8603006"]
[EventDate "2014.06.19"]

1. e4 c5 2. Ne2 Nf6 3. Nbc3 d5 4. exd5 Nxd5 5. g3 Nxc3 6. Nxc3 Bd7 7. d4 cxd4 8.
Qxd4 Nc6 9. Qe4 f5 10. Qc4 Ne5 11. Qd5 Bc6 12. Qxe5 Bxh1 13. Be2 Qd6 14. Qxd6
exd6 15. f3 d5 16. Be3 d4 17. Bxd4 O-O-O 18. Bxa7 Bg2 19. Kf2 Bh3 20. Bd3 f4 21.
g4 g6 22. Ne2 h5 23. Nxf4 hxg4 24. Nxg6 Rg8 25. Nf4 Rd6 26. Be3 Be7 27. Bf5+ Kd8
28. Nxh3 gxh3 29. Bxh3 Bh4+ 30. Ke2 Bf6 31. c3 Rh8 32. Bf4 Rb6 33. Rd1+ Ke7 34.
Rd7+ Ke8 35. Bg4 Rxb2+ 36. Kd3 Rg8 37. Rc7 Rh8 38. a4 Rb6 39. Bd7+ Kd8 40. Bb5
Rh3 41. Rd7+ Kc8 42. Ke4 Rh4 43. Rf7 Kd8 44. Kf5 Be7 45. Be5 Rh5+ 46. Ke4 Rg6
47. f4 Rxh2 48. f5 Re2+ 49. Bxe2 1-0

[Event "Lopota WGP 2014"]
[Site "Lopota GEO"]
[Date "2014.06.26"]
[Round "7.2"]
[White "Dzagnidze, Nana"]
[Black "Hou, Yifan"]
[Result "0-1"]
[WhiteTitle "GM"]
[BlackTitle "GM"]
[WhiteElo "2541"]
[BlackElo "2629"]
[WhiteFideId "13601903"]
[BlackFideId "8602980"]
[EventDate "2014.06.19"]

1. d4 e6 2. c4 Nf6 3. Nf3 b6 4. g3 Bb4+ 5. Bd2 a5 6. Bg2 Bb7 7. O-O O-O 8. Nc3
d6 9. b3 Nbd7 10. a3 Bxc3 11. Bxc3 Be4 12. Qc1 Qb8 13. a4 Qb7 14. Qf4 Rfe8 15.
Rfd1 h6 16. Rac1 Re7 17. g4 e5 18. dxe5 Nxe5 19. Bxe5 dxe5 20. Qg3 Rae8 21. Rc3
Bc6 22. Nh4 g6 23. Rcd3 Bxg2 24. Nxg2 Kg7 25. Ne3 Qe4 26. Qg2 c6 27. Rd6 Re6 28.
h3 Qxg2+ 29. Kxg2 Ne4 30. Rd7 Nc5 31. Rc7 R8e7 32. Rc8 Rd7 33. Rb8 Rxd1 34. Nxd1
Nxb3 35. Rxb6 Nc5 36. Nc3 Rd6 37. e3 f5 38. gxf5 gxf5 39. Kf3 Kf6 40. Ke2 Ke7
41. h4 Kd7 42. Rb8 Rd3 43. Nd1 Ra3 44. Rh8 Ra2+ 45. Kf1 Nd3 46. Rxh6 Rd2 47.
Rh7+ Kd6 48. h5 e4 49. Nc3 Rxf2+ 50. Kg1 Rf3 51. Nd1 Rg3+ 52. Kf1 Ne5 53. Kf2
Rg5 54. h6 Ng4+ 55. Ke2 Rh5 56. Ra7 Rxh6 57. Rxa5 Rh2+ 58. Kf1 Ne5 59. Ke1 Nf3+
60. Kf1 Rh1+ 0-1

[Event "Lopota WGP 2014"]
[Site "Lopota GEO"]
[Date "2014.06.26"]
[Round "7.3"]
[White "Harika, Dronavalli"]
[Black "Zhao, Xue"]
[Result "1/2-1/2"]
[WhiteTitle "GM"]
[BlackTitle "GM"]
[WhiteElo "2503"]
[BlackElo "2538"]
[WhiteFideId "5015197"]
[BlackFideId "8601283"]
[EventDate "2014.06.19"]

1. Nf3 b5 2. e4 Bb7 3. Bxb5 Bxe4 4. d4 e6 5. O-O Nf6 6. c4 Be7 7. Nc3 Bb7 8. Ba4
O-O 9. Bg5 a5 10. a3 Ba6 11. Qd3 d5 12. Ne5 Nfd7 13. Bxe7 Qxe7 14. Bc2 g6 15. b3
Nxe5 16. dxe5 Nd7 17. Rfe1 Rfd8 18. Qg3 dxc4 19. bxc4 Bxc4 20. h4 Nc5 21. h5 Bd3
22. Rac1 Rab8 23. Re3 Bxc2 24. Rxc2 Rd4 25. Rc1 Rbd8 26. hxg6 hxg6 27. Ne2 Rd1+
28. Rxd1 Rxd1+ 29. Kh2 Nd7 30. Nf4 Nf8 31. Nh5 Nh7 32. Qg4 Ra1 33. Rb3 Qf8 34.
a4 Ra3 35. Rxa3 Qxa3 36. Nf6+ Nxf6 37. exf6 Qd3 38. Qh4 Qd5 39. g4 Qe5+ 40. Kg1
Qf4 41. Kg2 g5 42. Qh6 Qe4+ 43. Kg3 Qf4+ 44. Kg2 Qxg4+ 45. Kf1 Qd1+ 46. Kg2 Qd5+
47. Kg1 Qd1+ 48. Kg2 Qg4+ 49. Kf1 Qc4+ 50. Kg1 Qc1+ 51. Kg2 Qc6+ 52. Kg1 Qc1+
53. Kg2 Qc6+ 54. Kg1 Qc1+ 1/2-1/2

[Event "Lopota WGP 2014"]
[Site "Lopota GEO"]
[Date "2014.06.26"]
[Round "7.4"]
[White "Muzychuk, Anna"]
[Black "Koneru, Humpy"]
[Result "1/2-1/2"]
[WhiteTitle "GM"]
[BlackTitle "GM"]
[WhiteElo "2561"]
[BlackElo "2613"]
[WhiteFideId "14111330"]
[BlackFideId "5008123"]
[EventDate "2014.06.19"]

1. e4 e5 2. Nf3 Nf6 3. Nxe5 d6 4. Nf3 Nxe4 5. d4 d5 6. Bd3 Nc6 7. O-O Be7 8. Nc3
Bf5 9. Re1 Nxc3 10. bxc3 Bxd3 11. Qxd3 O-O 12. Rb1 Na5 13. Bf4 c6 14. c4 dxc4
15. Qe4 Bf6 16. Bd2 c3 17. Bxc3 Nc4 18. Ne5 Nd6 19. Qg4 Re8 20. Nd7 Rxe1+ 21.
Rxe1 Bg5 22. h4 Bh6 23. Bb4 f5 24. Qg3 Qxd7 25. Bxd6 Rd8 26. Bc7 Rf8 27. Bf4
Bxf4 28. Qxf4 g6 29. h5 Re8 30. Re5 b5 31. h6 Kf7 32. Rxe8 Kxe8 33. Qb8+ Kf7 34.
Qh8 Ke6 35. Qe5+ Kf7 36. Qg7+ Ke6 37. Qe5+ Kf7 38. Qg7+ Ke6 39. Qe5+ 1/2-1/2

[Event "Lopota WGP 2014"]
[Site "Lopota GEO"]
[Date "2014.06.26"]
[Round "7.6"]
[White "Danielian, Elina"]
[Black "Muminova, Nafisa"]
[Result "1-0"]
[WhiteTitle "GM"]
[BlackTitle "WGM"]
[WhiteElo "2460"]
[BlackElo "2332"]
[WhiteFideId "13300210"]
[BlackFideId "14201526"]
[EventDate "2014.06.19"]

1. Nf3 d5 2. c4 e6 3. d4 Bb4+ 4. Nc3 Ne7 5. Qa4+ Nbc6 6. e3 O-O 7. Qc2 b6 8. Bd2
Bb7 9. a3 Bd6 10. cxd5 Nxd5 11. e4 Nxc3 12. Bxc3 Re8 13. O-O-O a6 14. h4 h6 15.
e5 Bf8 16. Bd3 Qd7 17. Rh3 b5 18. Bh7+ Kh8 19. Ng5 Nd8 20. d5 Bxd5 21. Be4 Be7
22. Bxd5 Bxg5+ 23. hxg5 exd5 24. Rxh6+ 1-0

[Event "Lopota WGP 2014"]
[Site "Lopota GEO"]
[Date "2014.06.27"]
[Round "8.2"]
[White "Khotenashvili, Bela"]
[Black "Danielian, Elina"]
[Result "1/2-1/2"]
[WhiteTitle "GM"]
[BlackTitle "GM"]
[WhiteElo "2518"]
[BlackElo "2460"]
[WhiteFideId "13602640"]
[BlackFideId "13300210"]
[EventDate "2014.06.19"]

1. d4 Nf6 2. c4 e6 3. Nf3 c5 4. d5 exd5 5. cxd5 d6 6. Nc3 g6 7. Bf4 Bg7 8. Qa4+
Bd7 9. Qb3 Qc7 10. h3 O-O 11. e3 Na6 12. Nd2 Rab8 13. Nc4 Ne8 14. a4 Nb4 15. Be2
a6 16. O-O b5 17. axb5 Bxb5 18. Rfd1 Bxc4 19. Qxc4 Qe7 20. Rd2 f5 21. Ra5 g5 22.
Bh2 Be5 23. Bxe5 Qxe5 24. e4 Qf4 25. Rd1 fxe4 26. Nxe4 Nf6 27. Bf3 Nxe4 28. Qxe4
Rbe8 29. Qxf4 Rxf4 30. Ra4 Kg7 31. b3 Re7 32. Kf1 Rf8 33. Rd2 Rfe8 34. Ra1 Re5
35. Rad1 Rb8 36. Be2 Rf8 37. Bc4 Kf6 38. g3 h5 39. Rc1 Kg6 40. Kg2 Rfe8 41. Kf1
h4 42. Rc3 Re1+ 43. Kg2 Ra1 44. Rf3 a5 45. gxh4 gxh4 46. Rf4 Ree1 47. Rxh4 Rad1
48. Rg4+ Kh6 49. Rb2 Nxd5 50. Bxd5 Rxd5 51. Ra2 Rf5 52. Rg3 Rb1 53. Re2 Rf6 54.
Re8 Rg6 55. Rxg6+ Kxg6 56. Re6+ Kf7 57. Rxd6 Rxb3 58. Ra6 Rb5 59. Kf3 c4 60. Ke3
Rc5 61. Kd2 Rh5 62. Kc3 Rxh3+ 63. Kxc4 Rf3 64. Rxa5 Rxf2 65. Kd4 Kg6 66. Ke4 Rf1
67. Kd4 Rf5 68. Rxf5 1/2-1/2

[Event "Lopota WGP 2014"]
[Site "Lopota GEO"]
[Date "2014.06.27"]
[Round "8.4"]
[White "Zhao, Xue"]
[Black "Muzychuk, Anna"]
[Result "1/2-1/2"]
[WhiteTitle "GM"]
[BlackTitle "GM"]
[WhiteElo "2538"]
[BlackElo "2561"]
[WhiteFideId "8601283"]
[BlackFideId "14111330"]
[EventDate "2014.06.19"]

1. c4 c5 2. Nc3 Nc6 3. Nf3 g6 4. e3 Nf6 5. d4 cxd4 6. exd4 d5 7. cxd5 Nxd5 8.
Qb3 e6 9. Bb5 Bg7 10. Bg5 Qb6 11. Nxd5 exd5 12. Qb4 f6 13. O-O Kf7 14. Qb3 Bg4
15. Rfe1 Bxf3 16. gxf3 Rhd8 17. Be3 a6 18. Bxc6 Qxc6 19. Rac1 Qd7 20. Rc3 Rac8
21. Rec1 Rxc3 22. Rxc3 g5 23. Qc2 Qh3 24. Rc7+ Kg8 25. Rxb7 Qxf3 26. Qc7 Qd1+
27. Kg2 Qg4+ 28. Kf1 Qd1+ 29. Kg2 Qg4+ 30. Kf1 Qd1+ 31. Kg2 1/2-1/2

[Event "Lopota WGP 2014"]
[Site "Lopota GEO"]
[Date "2014.06.27"]
[Round "8.5"]
[White "Hou, Yifan"]
[Black "Harika, Dronavalli"]
[Result "1/2-1/2"]
[WhiteTitle "GM"]
[BlackTitle "GM"]
[WhiteElo "2629"]
[BlackElo "2503"]
[WhiteFideId "8602980"]
[BlackFideId "5015197"]
[EventDate "2014.06.19"]

1. e4 e6 2. Qe2 c5 3. Nf3 Nc6 4. g3 d6 5. Bg2 g6 6. O-O Bg7 7. c3 e5 8. a4 Nge7
9. Na3 O-O 10. Nc4 h6 11. d3 Be6 12. Bd2 Re8 13. h3 b6 14. Rfe1 Qd7 15. b4 cxb4
16. cxb4 d5 17. exd5 Bxd5 18. Nfxe5 Nxe5 19. Nxe5 Qb7 20. f4 Nf5 21. Qf2 Nd4 22.
Rac1 Rad8 23. Bc3 Qa8 24. b5 Nb3 25. Rc2 Nc5 26. Bb4 Bxe5 27. Bxc5 Bxg2 28. Rxe5
Rxe5 29. fxe5 Bxh3 30. Bd6 Qd5 31. Qe3 Re8 32. Re2 Bg4 33. Qe4 Qxe4 34. Rxe4 Bf5
35. Rc4 Bxd3 36. Rc7 Ra8 37. Kf2 Bf5 38. Ke3 Be6 39. Kd4 g5 40. Rb7 h5 41. Rb8+
Rxb8 42. Bxb8 h4 43. gxh4 gxh4 44. Ke3 Bb3 45. Bxa7 Bxa4 46. Bxb6 Bxb5 47. Kf4
Bd7 48. Bd8 h3 49. Kg3 Be6 50. Bf6 Bf5 51. Bd8 Be6 52. Bf6 Bf5 53. Bd8 1/2-1/2

[Event "Lopota WGP 2014"]
[Site "Lopota GEO"]
[Date "2014.06.27"]
[Round "8.6"]
[White "Ju, Wenjun"]
[Black "Dzagnidze, Nana"]
[Result "1/2-1/2"]
[WhiteTitle "WGM"]
[BlackTitle "GM"]
[WhiteElo "2532"]
[BlackElo "2541"]
[WhiteFideId "8603006"]
[BlackFideId "13601903"]
[EventDate "2014.06.19"]

1. Nf3 Nf6 2. g3 c5 3. c4 d5 4. cxd5 Nxd5 5. Bg2 Nc6 6. Nc3 Nc7 7. d3 e5 8. Nd2
Bd7 9. Nc4 b5 10. Ne3 Rc8 11. O-O Be7 12. a4 b4 13. Nb5 Ne6 14. Nc4 O-O 15. Nbd6
Rc7 16. Nb5 Rc8 17. Nbd6 Rc7 18. Nb5 Rc8 19. Nbd6 1/2-1/2

[Event "Lopota WGP 2014"]
[Site "Lopota GEO"]
[Date "2014.06.29"]
[Round "9.2"]
[White "Harika, Dronavalli"]
[Black "Ju, Wenjun"]
[Result "1/2-1/2"]
[WhiteTitle "GM"]
[BlackTitle "WGM"]
[WhiteElo "2503"]
[BlackElo "2532"]
[WhiteFideId "5015197"]
[BlackFideId "8603006"]
[EventDate "2014.06.19"]

1. d4 Nf6 2. Nf3 g6 3. c4 Bg7 4. Nc3 d6 5. e4 O-O 6. h3 e5 7. d5 Nh5 8. g3 Qe8
9. Be2 f5 10. exf5 gxf5 11. Nh4 Nf6 12. Qc2 Na6 13. a3 c6 14. dxc6 bxc6 15. g4
f4 16. g5 Nd7 17. Ne4 Qe7 18. Qd1 Ndc5 19. Qxd6 Qxd6 20. Nxd6 e4 21. Bg4 Bxg4
22. hxg4 Nb3 23. Rb1 Nac5 24. Nhf5 Nd3+ 25. Ke2 Ndxc1+ 26. Rbxc1 Nxc1+ 27. Rxc1
Bxb2 28. Rh1 Bxa3 29. Nxe4 a5 30. Nf6+ Rxf6 31. gxf6 Kf7 32. Rxh7+ Kxf6 33. Rh6+
Ke5 34. Rxc6 a4 35. Rb6 Ra5 36. Kd3 Bc5 37. Rh6 f3 38. Nd4 Kf4 39. Ne6+ Kxg4 40.
Nxc5 Rxc5 41. Ra6 Rc8 42. Rxa4 Kh3 43. Ra2 Kg2 44. Rc2 Rd8+ 45. Kc3 Re8 46. c5
Re2 47. c6 Rxc2+ 48. Kxc2 Kxf2 49. c7 Kg2 50. c8=Q f2 51. Qg4+ Kh2 52. Qf3 Kg1
53. Qg3+ Kh1 54. Qxf2 1/2-1/2

[Event "Lopota WGP 2014"]
[Site "Lopota GEO"]
[Date "2014.06.29"]
[Round "9.3"]
[White "Muzychuk, Anna"]
[Black "Hou, Yifan"]
[Result "0-1"]
[WhiteTitle "GM"]
[BlackTitle "GM"]
[WhiteElo "2561"]
[BlackElo "2629"]
[WhiteFideId "14111330"]
[BlackFideId "8602980"]
[EventDate "2014.06.19"]

1. e4 c5 2. Nf3 e6 3. c4 Nc6 4. Be2 Nge7 5. d4 Nxd4 6. Nxd4 cxd4 7. Qxd4 Nc6 8.
Qd2 Bc5 9. O-O O-O 10. Nc3 d6 11. a3 a5 12. b3 e5 13. Nb5 Qh4 14. Bf3 Be6 15.
Qg5 Qxg5 16. Bxg5 h6 17. Bd2 a4 18. Bd1 Nd4 19. Nc7 axb3 20. Nxa8 Rxa8 21. Bc3
Bxc4 22. a4 b5 23. axb5 Rxa1 24. Bxa1 Nxb5 25. Re1 Bd4 26. Bxd4 exd4 27. e5 dxe5
28. Rxe5 b2 0-1

[Event "Lopota WGP 2014"]
[Site "Lopota GEO"]
[Date "2014.06.29"]
[Round "9.5"]
[White "Danielian, Elina"]
[Black "Koneru, Humpy"]
[Result "1-0"]
[WhiteTitle "GM"]
[BlackTitle "GM"]
[WhiteElo "2460"]
[BlackElo "2613"]
[WhiteFideId "13300210"]
[BlackFideId "5008123"]
[EventDate "2014.06.19"]

1. d4 e6 2. Nf3 c5 3. e3 Nf6 4. c4 a6 5. a3 d5 6. cxd5 exd5 7. dxc5 Bxc5 8. b4
Ba7 9. Bb2 Nc6 10. Be2 O-O 11. O-O Re8 12. Nd4 Ne5 13. Nd2 Bd7 14. Rc1 Ne4 15.
N2f3 Ng4 16. h3 Ngf6 17. Qb3 h5 18. Rfd1 Bb8 19. b5 a5 20. a4 Qe7 21. Bf1 Bd6
22. Ne2 Rac8 23. Rxc8 Rxc8 24. Nf4 Be6 25. Bd4 Bc5 26. Rc1 Bxd4 27. Rxc8+ Bxc8
28. Nxd4 Qc5 29. Nd3 Qc3 30. f3 Qd2 31. Nc2 Ng3 32. Nde1 Bf5 33. Bd3 Be6 34. Qb2
Nd7 35. Qd4 Kf8 36. Qh4 1-0

[Event "Lopota WGP 2014"]
[Site "Lopota GEO"]
[Date "2014.06.29"]
[Round "9.6"]
[White "Muminova, Nafisa"]
[Black "Khotenashvili, Bela"]
[Result "1-0"]
[WhiteTitle "WGM"]
[BlackTitle "GM"]
[WhiteElo "2332"]
[BlackElo "2518"]
[WhiteFideId "14201526"]
[BlackFideId "13602640"]
[EventDate "2014.06.19"]

1. e4 g6 2. d4 Bg7 3. c3 d6 4. Bd3 c5 5. Nf3 Nc6 6. O-O Bg4 7. d5 Ne5 8. Bb5+
Bd7 9. Be2 Nxf3+ 10. Bxf3 Nh6 11. Bf4 f6 12. Na3 O-O 13. Re1 b5 14. Nc2 Qc8 15.
h3 Nf7 16. Be2 Rb8 17. Bf1 a5 18. a3 a4 19. Rb1 e5 20. dxe6 Bxe6 21. Ne3 Bb3 22.
Qd2 Qc6 23. f3 Ne5 24. Bg3 Rfe8 25. Be2 Nf7 26. Bd1 Bh6 27. Bxb3 axb3 28. Rbd1
Rbd8 29. f4 Re6 30. Nd5 Rde8 31. Qf2 f5 32. Qf1 Bg7 33. exf5 Rxe1 34. Bxe1 gxf5
35. Qf3 Qd7 36. Bh4 Re6 37. Re1 Rxe1+ 38. Bxe1 Nh8 39. h4 Qe6 40. Bf2 Ng6 41. h5
Nf8 42. Qd1 c4 43. Nc7 Qe4 44. Nxb5 d5 45. a4 h6 46. a5 Ne6 47. Nd6 Qd3 48. Qxd3
cxd3 49. Be1 d4 50. c4 d2 51. Bxd2 d3 52. Kf1 Bxb2 53. Nb5 Nd4 54. Bc3 d2 55.
Bxd2 Nxb5 56. cxb5 Ba3 57. Bc3 Bb4 58. b6 Bxa5 59. b7 Bc7 60. Be5 b2 61. Bxb2
Bxf4 62. Bc1 Bb8 63. Bxh6 1-0

[Event "Lopota WGP 2014"]
[Site "Lopota GEO"]
[Date "2014.06.30"]
[Round "10.2"]
[White "Koneru, Humpy"]
[Black "Muminova, Nafisa"]
[Result "1-0"]
[WhiteTitle "GM"]
[BlackTitle "WGM"]
[WhiteElo "2613"]
[BlackElo "2332"]
[WhiteFideId "5008123"]
[BlackFideId "14201526"]
[EventDate "2014.06.19"]

1. d4 e6 2. c4 Nf6 3. Nf3 d5 4. e3 c5 5. a3 a6 6. b3 Nc6 7. Bb2 Be7 8. Bd3 O-O
9. O-O b6 10. Nbd2 Bb7 11. Qe2 cxd4 12. exd4 Rc8 13. Rfd1 Na5 14. c5 bxc5 15.
dxc5 Nc6 16. b4 Ra8 17. Nb3 Qc7 18. Ne5 Rfd8 19. Nxc6 Bxc6 20. a4 Qf4 21. b5 Be8
22. Bd4 Ne4 23. b6 e5 24. Bxe4 dxe4 25. Be3 Qf6 26. Rxd8 Bxd8 27. Na5 Qg6 28.
Qc4 Bd7 29. c6 Bh3 30. Qf1 f5 31. b7 Rb8 32. Ba7 f4 33. Kh1 Bg4 34. Bxb8 f3 35.
c7 Bxc7 36. Bxc7 fxg2+ 37. Qxg2 1-0

[Event "Lopota WGP 2014"]
[Site "Lopota GEO"]
[Date "2014.06.30"]
[Round "10.3"]
[White "Zhao, Xue"]
[Black "Danielian, Elina"]
[Result "0-1"]
[WhiteTitle "GM"]
[BlackTitle "GM"]
[WhiteElo "2538"]
[BlackElo "2460"]
[WhiteFideId "8601283"]
[BlackFideId "13300210"]
[EventDate "2014.06.19"]

1. c4 Nf6 2. Nf3 e6 3. b3 d5 4. Bb2 c5 5. e3 Nc6 6. g3 Be7 7. Bg2 O-O 8. O-O b6
9. Nc3 Bb7 10. cxd5 exd5 11. d4 Rc8 12. Bh3 Rb8 13. Rc1 Re8 14. Ne2 c4 15. Nf4
b5 16. Ne5 Bd6 17. Ng4 Bxf4 18. gxf4 Nxg4 19. Bxg4 Bc8 20. bxc4 bxc4 21. Bc3 Ne7
22. Kh1 Nf5 23. Rg1 Nd6 24. Bf3 Ne4 25. Bxe4 Rxe4 26. Qh5 g6 27. Rg5 Bf5 28.
Rcg1 Kh8 29. Qh6 Qf8 30. Qxf8+ Rxf8 31. Ra1 Re6 32. Kg2 Rb8 33. Kf3 Ra6 34. Rgg1
Ra3 35. Rgc1 Rb6 36. Kg3 Kg7 37. h3 Be4 38. h4 Rba6 39. Bb2 Rxa2 40. Bc3 Kf6 41.
Rxa2 Rxa2 42. Ra1 Rxa1 43. Bxa1 Ke6 44. f3 Bd3 45. Kf2 Kd6 46. Ke1 Kc6 47. Kd2
Kb5 48. Kc3 Be2 49. e4 Bxf3 50. exd5 Bxd5 51. Bb2 a5 52. Ba3 Kc6 53. Bc5 Be6 54.
Be7 Kd5 0-1

[Event "Lopota WGP 2014"]
[Site "Lopota GEO"]
[Date "2014.06.30"]
[Round "10.4"]
[White "Hou, Yifan"]
[Black "Kosteniuk, Alexandra"]
[Result "1/2-1/2"]
[WhiteTitle "GM"]
[BlackTitle "GM"]
[WhiteElo "2629"]
[BlackElo "2532"]
[WhiteFideId "8602980"]
[BlackFideId "4128125"]
[EventDate "2014.06.19"]

1. c4 e6 2. g3 d5 3. Bg2 dxc4 4. Qa4+ Nd7 5. Qxc4 a6 6. Qb3 Nc5 7. Qc2 e5 8. Nc3
Ne7 9. Nf3 Nc6 10. O-O Be7 11. a3 Be6 12. b4 Nb3 13. Rb1 Nbd4 14. Nxd4 exd4 15.
Na4 d3 16. Qxd3 Qxd3 17. exd3 O-O-O 18. Bb2 Nd4 19. Rfe1 b6 20. Nc3 Nc2 21. Rec1
Nd4 22. Re1 Nc2 23. Rec1 Nd4 24. Re1 1/2-1/2

[Event "Lopota WGP 2014"]
[Site "Lopota GEO"]
[Date "2014.06.30"]
[Round "10.5"]
[White "Ju, Wenjun"]
[Black "Muzychuk, Anna"]
[Result "1-0"]
[WhiteTitle "WGM"]
[BlackTitle "GM"]
[WhiteElo "2532"]
[BlackElo "2561"]
[WhiteFideId "8603006"]
[BlackFideId "14111330"]
[EventDate "2014.06.19"]

1. Nf3 c5 2. c4 Nc6 3. d4 cxd4 4. Nxd4 Nf6 5. Nc3 e6 6. a3 Bc5 7. Nb3 Bb6 8. c5
Bc7 9. g3 O-O 10. Bg2 b6 11. O-O Rb8 12. Nb5 bxc5 13. Nxc7 c4 14. Nd4 Qxc7 15.
Nxc6 dxc6 16. Qa4 Nd5 17. Qxc4 Qb6 18. Qc2 Ba6 19. Re1 Qb3 20. Qc5 Qb5 21. Qxb5
cxb5 22. e4 Nb6 23. Bf1 Na4 24. Rb1 Rbc8 25. Be3 Rc2 26. b3 Nc3 27. Rbc1 Rxc1
28. Rxc1 Nxe4 29. Rc7 Ra8 30. Bg2 f5 31. Bf1 Nf6 32. Bd4 Rd8 33. Bxf6 gxf6 34.
Rxa7 Rd6 35. b4 Rb6 36. a4 e5 37. a5 Rd6 38. Be2 h6 39. Ra8+ Kg7 40. Rb8 Rd4 41.
Rb6 Bc8 42. Rc6 Bd7 43. Rc7 Kg6 44. a6 Be8 45. Rc8 1-0

[Event "Lopota WGP 2014"]
[Site "Lopota GEO"]
[Date "2014.06.30"]
[Round "10.6"]
[White "Dzagnidze, Nana"]
[Black "Harika, Dronavalli"]
[Result "1/2-1/2"]
[WhiteTitle "GM"]
[BlackTitle "GM"]
[WhiteElo "2541"]
[BlackElo "2503"]
[WhiteFideId "13601903"]
[BlackFideId "5015197"]
[EventDate "2014.06.19"]

1. d4 e6 2. c4 Nf6 3. Nf3 d5 4. Nc3 Be7 5. Bg5 h6 6. Bh4 O-O 7. e3 Ne4 8. Bxe7
Qxe7 9. Rc1 c6 10. Bd3 Nxc3 11. Rxc3 dxc4 12. Bxc4 Nd7 13. O-O b6 14. Qe2 Bb7
15. Ba6 Bxa6 16. Qxa6 c5 17. Rfc1 e5 18. dxc5 Nxc5 19. Qb5 Qe8 20. Qxe8 Rfxe8
21. b4 Ne4 22. Rc7 b5 23. Rd1 a5 24. a3 axb4 25. axb4 Red8 26. Rxd8+ Rxd8 27.
Kf1 f6 28. Ke2 Ra8 29. Ne1 Ra2+ 30. Nc2 Nd6 31. Kd3 Ra8 32. Rd7 Ra6 33. g4 Nc4
34. Kc3 Rc6 35. Kd3 Nb2+ 36. Kd2 Nc4+ 37. Kd3 Nb2+ 38. Kd2 Nc4+ 39. Kd3 1/2-1/2